<?xml version="1.0" encoding="UTF-8"?>
<record
    xmlns:xsi="http://www.w3.org/2001/XMLSchema-instance"
    xsi:schemaLocation="http://www.loc.gov/MARC21/slim http://www.loc.gov/standards/marcxml/schema/MARC21slim.xsd"
    xmlns="http://www.loc.gov/MARC21/slim">

  <leader>01140nam a22002417a 4500</leader>
  <controlfield tag="008">110727s    ua||||| |||| 00| 0 ara d</controlfield>
  <datafield tag="020" ind1=" " ind2=" ">
    <subfield code="a">0632011998</subfield>
  </datafield>
  <datafield tag="082" ind1=" " ind2=" ">
    <subfield code="2">22</subfield>
    <subfield code="a">614.1</subfield>
    <subfield code="b">&#x62C; &#x64A; &#x62C;</subfield>
  </datafield>
  <datafield tag="100" ind1="1" ind2=" ">
    <subfield code="9">26449</subfield>
    <subfield code="a">&#x62C;&#x64A; &#x60C; &#x62F;. &#x62C;.</subfield>
  </datafield>
  <datafield tag="245" ind1=" " ind2=" ">
    <subfield code="a">&#x627;&#x644;&#x645;&#x648;&#x62C;&#x632; &#x627;&#x644;&#x644;&#x625;&#x631;&#x634;&#x627;&#x62F;&#x64A; &#x639;&#x646; &#x627;&#x644;&#x637;&#x628; &#x627;&#x644;&#x634;&#x631;&#x639;&#x64A; /</subfield>
    <subfield code="c">&#x62F;. &#x62C;. &#x62C;&#x64A; &#x61B; &#x62A;&#x631;&#x62C;&#x645;&#x629; &#x639;&#x627;&#x637;&#x641; &#x628;&#x62F;&#x648;&#x64A;</subfield>
  </datafield>
  <datafield tag="260" ind1=" " ind2=" ">
    <subfield code="a">&#x627;&#x644;&#x643;&#x648;&#x64A;&#x62A; :</subfield>
    <subfield code="b">&#x627;&#x644;&#x645;&#x631;&#x643;&#x632; &#x627;&#x644;&#x639;&#x631;&#x628;&#x64A; &#x644;&#x644;&#x648;&#x62B;&#x627;&#x626;&#x642; &#x648;&#x627;&#x644;&#x645;&#x637;&#x628;&#x648;&#x639;&#x627;&#x62A; &#x627;&#x644;&#x635;&#x62D;&#x64A;&#x629; &#x60C;</subfield>
    <subfield code="c">[&#x62F; . &#x62A;].</subfield>
  </datafield>
  <datafield tag="300" ind1=" " ind2=" ">
    <subfield code="a">306 &#x635; :</subfield>
    <subfield code="b">&#x627;&#x64A;&#x636; &#x61B;</subfield>
    <subfield code="c">24 &#x633;&#x645;.</subfield>
  </datafield>
  <datafield tag="490" ind1=" " ind2="0">
    <subfield code="9">26450</subfield>
    <subfield code="a">&#x633;&#x644;&#x633;&#x644;&#x629; &#x627;&#x644;&#x645;&#x648;&#x62C;&#x632;&#x627;&#x62A; &#x627;&#x644;&#x625;&#x631;&#x634;&#x627;&#x62F;&#x64A;&#x629;</subfield>
  </datafield>
  <datafield tag="504" ind1=" " ind2=" ">
    <subfield code="a">&#x64A;&#x634;&#x62A;&#x645;&#x644; &#x639;&#x644;&#x649; &#x625;&#x631;&#x62C;&#x627;&#x639;&#x627;&#x62A; &#x628;&#x628;&#x644;&#x64A;&#x648;&#x62C;&#x631;&#x627;&#x641;&#x64A;&#x629; (&#x643; &#x60C; 305-306(</subfield>
  </datafield>
  <datafield tag="650" ind1=" " ind2=" ">
    <subfield code="9">21520</subfield>
    <subfield code="a">&#x627;&#x644;&#x637;&#x628; &#x627;&#x644;&#x634;&#x631;&#x639;&#x64A;</subfield>
  </datafield>
  <datafield tag="650" ind1=" " ind2=" ">
    <subfield code="9">26453</subfield>
    <subfield code="a">&#x627;&#x644;&#x62C;&#x631;&#x627;&#x626;&#x645; &#x627;&#x644;&#x62C;&#x646;&#x633;&#x64A;&#x629;</subfield>
  </datafield>
  <datafield tag="650" ind1=" " ind2=" ">
    <subfield code="9">26454</subfield>
    <subfield code="a">&#x627;&#x644;&#x633;&#x645;&#x648;&#x645;</subfield>
  </datafield>
  <datafield tag="650" ind1=" " ind2=" ">
    <subfield code="9">26455</subfield>
    <subfield code="a">&#x62A;&#x62D;&#x642;&#x64A;&#x642; &#x627;&#x644;&#x634;&#x62E;&#x635;&#x64A;&#x629;</subfield>
  </datafield>
  <datafield tag="653" ind1=" " ind2=" ">
    <subfield code="b">General</subfield>
    <subfield code="c">July2011</subfield>
  </datafield>
  <datafield tag="700" ind1=" " ind2=" ">
    <subfield code="9">26457</subfield>
    <subfield code="a">&#x628;&#x62F;&#x648;&#x64A; &#x60C; &#x639;&#x627;&#x637;&#x641;</subfield>
    <subfield code="e">&#x62A;&#x631;&#x62C;&#x645;&#x629;</subfield>
  </datafield>
  <datafield tag="942" ind1=" " ind2=" ">
    <subfield code="2">ddc</subfield>
    <subfield code="c">BB</subfield>
  </datafield>
  <datafield tag="999" ind1=" " ind2=" ">
    <subfield code="c">15747</subfield>
    <subfield code="d">15747</subfield>
  </datafield>
  <datafield tag="952" ind1=" " ind2=" ">
    <subfield code="0">0</subfield>
    <subfield code="1">0</subfield>
    <subfield code="2">ddc</subfield>
    <subfield code="4">0</subfield>
    <subfield code="7">0</subfield>
    <subfield code="8">Alef-Baa</subfield>
    <subfield code="a">MAIN</subfield>
    <subfield code="b">MAIN</subfield>
    <subfield code="c">1ST</subfield>
    <subfield code="d">2011-07-27</subfield>
    <subfield code="e">purchase</subfield>
    <subfield code="o">614.1 &#x62C; &#x64A; &#x62C;</subfield>
    <subfield code="p">000023951</subfield>
    <subfield code="r">2026-03-14 00:00:00</subfield>
    <subfield code="s">2026-02-25</subfield>
    <subfield code="y">BB</subfield>
  </datafield>
</record>
